| 000 | 00520nam a2200193 u 4500 | ||
|---|---|---|---|
| 005 | 20220519063940.0 | ||
| 008 | 111006s2006 mx r 000 0 spa d | ||
| 020 | _a9685389438 | ||
| 035 | _aUPN01000182058 | ||
| 049 | _aCG | ||
| 050 | 4 |
_aPQ7298.12 R7 _bV4.7 |
|
| 100 | 1 |
_aBrozon, M. B., _d1970- _931044 |
|
| 245 | 1 | 3 |
_aEl vértigo / _cM. B. Brozon. |
| 260 |
_aMéxico : _bEl Naranjo, _c2006. |
||
| 300 |
_a154 p. : _bil. |
||
| 440 | 0 | _aEcos de tinta | |
| 650 | 0 |
_aLiteratura juvenil mexicana _915848 |
|
| 905 | _aLibro | ||
| 999 |
_c154161 _d154161 |
||